| 000 | 00438nam a2200181Ia 4500 | ||
|---|---|---|---|
| 003 | 0100 | ||
| 008 | 130307s9999 xx 000 0 und d | ||
| 040 | _cARRUPELIB | ||
| 050 | _aNA1306.S5 1931 | ||
| 100 | _aSitwell, Sacheverell | ||
| 245 | _aSpanish baroque art | ||
| 245 | _bWith buildings in Portugal, Mexico and other colonies | ||
| 260 | _aWashington | ||
| 260 | _bDuckworth | ||
| 260 | _c1931 | ||
| 300 | _a112p | ||
| 942 | 0 | 0 | _01 |
| 999 |
_c86796 _d86796 |
||